000 00708nam a22002057a 4500
999 _c18042
_d18042
003 AR-CdUCM
008 190511b ||||| |||| 00| 0 spa d
040 _aMUNICIPALIDAD PROVINCIAL DEL CUSCO
_cBIBLIOTECA MUNICIPAL DEL CUSCO
082 _a869.5685 /
_bP23
100 _aPantoja, Mario
_96566
245 _aBallet de verano /
260 _aLima :
_bAntarki,
_c1999.
300 _a158 páginas ;
_c19 cm.
505 _aContenido: La escritura del cuerpo -- Vasos comunicantes -- Tu rosa natural -- Extraviado como Dante -- En las lineas no escritas...
650 _aPoesía peruana
_9806
650 _aLiteratura peruana
_9169
650 _aPerú
_935
942 _2ddc
_cLIBROS
945 _adavv
_d2019-05-11